000 00940nam a22002417a 4500
005 20260424111450.0
008 260424b |||||||| |||| 00| 0 eng d
020 _a9789392757013 (pbk)
037 _cTB
040 _aCRL
_cCRL
041 _2hin
_ahin
084 _aO152,1N37x R3
100 _aशुक्ल, विनोद कुमार
245 _aसब कुछ होना बचा रहेगा
250 _aसंस्करण 2
260 _aनई दिल्ली, भारत:
_bराजकमल पेपरबैक्स,
_c2023.
300 _a127पृ.
365 _b199.00
_cINR
650 _aहिन्दी कविता
650 _aहिन्दी साहित्य
942 _2CC
_cTB
_hO152,1N37x R3
_n0
_eसंस्करण 2
999 _c1848491
_d1848491